| 000 | 00377cam a2200145ua 4500 | ||
|---|---|---|---|
| 041 |
_aeng _h |
||
| 082 |
_a950 _bEDW/AS |
||
| 100 | _aEdwardes, Michael . | ||
| 245 |
_aAsia in the European age, 1498-1955 / _cMichael Edwardes. _hTextual Documents |
||
| 260 |
_aMumbai : _bAsia Publishing House , _c1961. |
||
| 300 | _a351 ; . | ||
| 504 | _a | ||
| 942 | _cBK | ||
| 999 |
_c699 _d699 |
||